00573nam a2200169 i 450000100060000000300090000600500170001500700030003200800410003510000330007624501510010925000120026026000400027230000330031270000270034585200310037234393ES-MaACL20250129092359.0t|030207s1945 sp ||||1| spa d1 aBlanco Soler, C.,d1894-196213aLa obesidad y su tratamiento b: con un estudio sobre las lipodistrofías / cCarlos Blanco Soler ; en colaboración con Luis Felipe Pallardó. a1ª ed. aMadrid : bMorata, c1945 (fDiana) a325 p., 27 lám. ; c24 cm.1 aPallardo, Luis Felipe. aES-MaACLjE-1075 bR.22101